| 000 | 00877nam a2200277Ia 4500 | ||
|---|---|---|---|
| 003 | OSt | ||
| 005 | 20220924131612.0 | ||
| 006 | a|||||r|||| 00| 0 | ||
| 007 | ta | ||
| 008 | 220923b |||||||| |||| 00| 0 san d | ||
| 020 | _a8172701195 (hbk) | ||
| 020 | _c1360 | ||
| 024 | _a233371 | ||
| 037 |
_b1726, 14/03/2008, Vidyanidhi Prakashan _cTextual |
||
| 040 |
_aARTS _cARTS _bsan |
||
| 041 |
_2san _asan |
||
| 082 | _aO15,1K75:g, 152P3 | ||
| 100 |
_aSharma Manulata _9202231 |
||
| 245 | 0 | _aPanditraj jagannath themushisamunmilan | |
| 260 |
_aVaranasi _bPrakashna Sansthan India _c2003 |
||
| 300 |
_a683p. _ccm. |
||
| 490 | _aVishavvidayalaya - rajatjyanti - gaanthmala vol. 40 | ||
| 650 | _aSANSKRIT LITERATURE | ||
| 942 |
_hO15,1K75:g, 152P3 _cTEXL _2CC |
||
| 999 |
_c427500 _d427500 |
||